Inductive Bible study : (Registro nro. 26196)

Detalles MARC
000 -LEADER
campo de control de longitud fija 03178cam a22005654i 4500
003 - IDENTIFICADOR DE NÚMERO DE CONTROL
campo de control PE-LiUPU
005 - FECHA Y HORA DE LA ÚLTIMA TRANSACCIÓN
campo de control 20250731173038.0
008 - DATOS DE LONGITUD FIJA--INFORMACIÓN GENERAL
campo de control de longitud fija 140519s2014 miua rb 001 0 eng d
020 ## - NÚMERO INTERNACIONAL ESTÁNDAR DEL LIBRO
Número Internacional Estándar del Libro 0801097436
020 ## - NÚMERO INTERNACIONAL ESTÁNDAR DEL LIBRO
Número Internacional Estándar del Libro 9780801097430
035 ## - NÚMERO DE CONTROL DEL SISTEMA
Número de control de sistema (Sirsi) i9780801097430
035 ## - NÚMERO DE CONTROL DEL SISTEMA
Número de control de sistema (OCoLC)879915834
040 ## - FUENTE DE CATALOGACIÓN
Centro catalogador/agencia de origen YDXCP
Lengua de catalogación spa
Centro/agencia transcriptor YDXCP
Centro/agencia modificador BTCTA
-- BDX
-- OCLCQ
-- OEM
-- OCLCQ
-- OCLCO
-- OCLCF
-- SGB
-- PE-LiUPU
Normas de descripción rda
049 ## - FONDOS LOCALES (OCLC)
Biblioteca depositaria PRUA
082 04 - NÚMERO DE LA CLASIFICACIÓN DECIMAL DEWEY
Número de clasificación 220.601
Cutter B28
Número de edición 22
100 1# - ENTRADA PRINCIPAL--NOMBRE DE PERSONA
Nombre de persona Bauer, David R.,
Término indicativo de función/relación autor.
245 10 - MENCIÓN DEL TÍTULO
Título Inductive Bible study :
Resto del título a comprehensive guide to the practice of hermeneutics /
Mención de responsabilidad, etc. David R. Bauer, Robert A. Traina ; Eugene H. Peterson.
264 #1 - PRODUCCIÓN, PUBLICACIÓN, DISTRIBUCIÓN, FABRICACIÓN Y COPYRIGHT
Producción, publicación, distribución, fabricación y copyright Grand Rapids, USA :
Nombre del de productor, editor, distribuidor, fabricante Baker Academic,
Fecha de producción, publicación, distribución, fabricación o copyright 2014.
300 ## - DESCRIPCIÓN FÍSICA
Extensión xvi, 446 páginas :
Otras características físicas ilustraciones ;
Dimensiones 23 centímetros
336 ## - TIPO DE CONTENIDO
Término de tipo de contenido text
Fuente rdacontent
337 ## - TIPO DE MEDIO
Nombre/término del tipo de medio unmediated
Fuente rdamedia
338 ## - TIPO DE SOPORTE
Nombre/término del tipo de soporte volume
Fuente rdacarrier
504 ## - NOTA DE BIBLIOGRAFÍA, ETC.
Nota de bibliografía, etc. Bibliografía : páginas 405-432.
504 ## - NOTA DE BIBLIOGRAFÍA, ETC.
Nota de bibliografía, etc. Índice : páginas 433-446.
505 00 - NOTA DE CONTENIDO CON FORMATO
Título Theoretical foundations. Inductive study --
-- Transjective study --
-- Intentional and rational study --
-- Re-creative study --
-- Direct study --
-- Comprehensive and integrated study --
-- Individual and communal study --
-- Compositional book study --
-- Canonical study --
-- Flexible procedural study --
-- Observing and asking. Survey of books-as-wholes --
-- Survey of parts-as-wholes (divisions, sections, segments) --
-- Focused observation --
-- Answering or interpreting. Selecting questions and formulating premises --
-- Drawing inferences from the premises --
-- Implementing interpretation --
-- Evaluating and appropriating. Description of evaluation and appropriation --
-- Implementing evaluation and appropriation --
-- Correlation. Character and practice of correlation --
-- Implementing correlation --
-- Epilogue --
-- Appendix A. General discussion of induction and deduction --
-- Appendix B. Presuppositions in contemporary hermeneutical discussion --
-- Appendix C. Selectivity --
-- Appendix D. The use of original-language resources --
-- Appendix E. Critical methods in inductive Bible study --
-- Appendix F. Logical outlines.
526 ## - NOTA DE INFORMACIÓN SOBRE EL PROGRAMA DE ESTUDIO
Nombre del programa Segunda Especialidad En Profecías Bíblicas
526 ## - NOTA DE INFORMACIÓN SOBRE EL PROGRAMA DE ESTUDIO
Nombre del programa Segunda Especialidad En Nuevo Testamento
526 ## - NOTA DE INFORMACIÓN SOBRE EL PROGRAMA DE ESTUDIO
Nombre del programa Segunda Especialidad En Antiguo Testamento
526 ## - NOTA DE INFORMACIÓN SOBRE EL PROGRAMA DE ESTUDIO
Nombre del programa Segunda Especialidad En Estudios Adventistas
526 ## - NOTA DE INFORMACIÓN SOBRE EL PROGRAMA DE ESTUDIO
Nombre del programa Doctorado en teología
526 ## - NOTA DE INFORMACIÓN SOBRE EL PROGRAMA DE ESTUDIO
Nombre del programa Maestría en teología histórica
526 ## - NOTA DE INFORMACIÓN SOBRE EL PROGRAMA DE ESTUDIO
Nombre del programa Maestría en teología bíblica
526 ## - NOTA DE INFORMACIÓN SOBRE EL PROGRAMA DE ESTUDIO
Nombre del programa Maestría en teología
526 ## - NOTA DE INFORMACIÓN SOBRE EL PROGRAMA DE ESTUDIO
Nombre del programa Maestría en misionología
526 ## - NOTA DE INFORMACIÓN SOBRE EL PROGRAMA DE ESTUDIO
Nombre del programa Maestría en liderazgo eclesiástico
526 ## - NOTA DE INFORMACIÓN SOBRE EL PROGRAMA DE ESTUDIO
Nombre del programa Teología
596 ## -
-- 1
630 04 - PUNTO DE ACCESO ADICIONAL DE MATERIA--TÍTULO UNIFORME
Título uniforme Biblia
Subdivisión general Hermenéutica.
630 04 - PUNTO DE ACCESO ADICIONAL DE MATERIA--TÍTULO UNIFORME
Título uniforme Biblia
Subdivisión general Studio y enseñanza.
630 07 - PUNTO DE ACCESO ADICIONAL DE MATERIA--TÍTULO UNIFORME
Título uniforme Bible.
Fuente del encabezamiento o término fast
Número de control del registro de autoridad o número normalizado (OCoLC)fst01356024
650 #7 - PUNTO DE ACCESO ADICIONAL DE MATERIA--TÉRMINO DE MATERIA
Término de materia o nombre geográfico como elemento de entrada Hermeneutics.
Fuente del encabezamiento o término fast
Número de control del registro de autoridad o número normalizado (OCoLC)fst00955492
650 #7 - PUNTO DE ACCESO ADICIONAL DE MATERIA--TÉRMINO DE MATERIA
Término de materia o nombre geográfico como elemento de entrada Study skills.
Fuente del encabezamiento o término fast
Número de control del registro de autoridad o número normalizado (OCoLC)fst01136216
700 1# - ENTRADA AGREGADA--NOMBRE PERSONAL
Nombre de persona Traina, Robert A.
Forma completa/desarrollada del nombre ( Robert Angelo),
Fechas asociadas al nombre 1921- ,
Término indicativo de función/relación autor.
910 ## - DATOS DE OPCIÓN DEL USUARIO (OCLC)
Datos de opción del usuario dbm
-- ebj
-- ebj
-- 20171214
942 ## - ELEMENTOS DE ENTRADA SECUNDARIOS (KOHA)
Fuente del sistema de clasificación o colocación Clasificación Decimal Dewey
Tipo de ítem Koha
949 ## - PROCESAMIENTO DE INFORMACIÓN LOCAL (OCLC)
a 220.601 B28
w DEWEY
c 1
i 77564
l CATALOGING
m BUL
p 20.00
r 0
s Y
t BOOK
u 2017-12-14
x POSGRADO
-- P85
0 DONACION
o .STAFF. Colección Teología.
994 ## -
-- C0
-- PEPRU
999 ## - NÚMEROS DE CONTROL DE SISTEMA (KOHA)
-- DEWEY
-- 77564
-- 2018-8-22
-- 2021-11-9
-- 4
-- CCODEBUL1
-- BUL
-- 1
-- 20.00
-- 0
-- Y
-- BOOK
-- 2017-12-14
-- TEOLOGIA
-- P85
-- DONACION
-- .STAFF. Colección Teología.
980 ## - EQUIVALENCIA O REFERENCIA-CRUZADA-MENCIÓN DE SERIE--NOMBRE DE PERSONA/TÍTULO [LOCAL, CANADÁ]
ID del último usuario que modificó el registro 1
Nombre del último usuario que modificó el registro ALBERTO SANCHEZ Responsable de Automatización
Existencias
Visto por última vez Número de inventario Total de préstamos Signatura topográfica completa Código de barras Fecha del último préstamo Copia número Coste, precio de reemplazo Fecha de reemplazo Facultad Tipo de ítem Koha Nota pública Estado de pérdida Fuente del sistema de clasificación o colocación Restricciones de uso No para préstamo Colección Programa académico Biblioteca de origen Biblioteca actual Ubicación en estantería Fecha de adquisición Fuente de adquisición Coste, precio normal de compra
2025-12-02 5 1 220.601 B28 77564 2018-08-22 e1 25.00 2017-12-14   Libros físicos inventario-2023-12-13 No Perdido Clasificación Decimal Dewey No restringido Disponible para préstamos Colección General Maestría en teología Biblioteca CRAI UPeU Lima Biblioteca CRAI UPeU Lima Sala principal 2017-12-14 DONACION 20.00